000 00706nam a2200253Ia 4500
003 OSt
005 20220928101748.0
006 a|||||r|||| 00| 0
007 ta
008 220927b |||||||| |||| 00| 0 eng d
020 _c200
024 _a100104
037 _b97, 28/09/2009, Swaraj Prakashan
_cTextual
040 _aSDCL
_cSDCL
_beng
041 _2eng
_aeng
082 _aO152,3NSA,1, P9
100 _aSuhail Anwar
_9394894
245 0 _aPahchan.
260 _aNew Delhi
_bRaj Kamal Prakashan
_c2009
300 _a123p.
_ccm.
650 _aHindi
_9391598
942 _hO152,3NSA,1, P9
_cTEXL
_2CC
999 _c710506
_d710506